Sustainable design : (Record no. 13828)

MARC details
000 -LEADER
fixed length control field 01164nam a22003375a 4500
001 - CONTROL NUMBER
control field 15637431
003 - CONTROL NUMBER IDENTIFIER
control field EG-ScBUE
005 - DATE AND TIME OF LATEST TRANSACTION
control field 20220901142752.0
008 - FIXED-LENGTH DATA ELEMENTS--GENERAL INFORMATION
fixed length control field 090225t2009 mau f 000 0 eng d
020 ## - INTERNATIONAL STANDARD BOOK NUMBER
International Standard Book Number 9783764399382 (alk. paper)
040 ## - CATALOGING SOURCE
Original cataloging agency DLC
Language of cataloging eng
Description conventions rda
Transcribing agency DLC
Modifying agency EG-ScBUE
082 04 - DEWEY DECIMAL CLASSIFICATION NUMBER
Edition number 22
Classification number 720.47
Item number CON
100 1# - MAIN ENTRY--PERSONAL NAME
Personal name Contal, Marie-Helene,
Relator term author.
9 (RLIN) 13298
245 10 - TITLE STATEMENT
Title Sustainable design :
Remainder of title towards a new ethic in architecture and town planning /
Statement of responsibility, etc Marie-Helene Contal, Jana Revedin ; foreword by Thomas Herzog.
264 #1 - PUBLICATION, DISTRIBUTION, ETC. (IMPRINT)
Place of publication, distribution, etc Basel :
Name of publisher, distributor, etc Birkhaeuser,
Date of publication, distribution, etc [2009]
264 #4 - PUBLICATION, DISTRIBUTION, ETC. (IMPRINT)
Date of publication, distribution, etc c2009
300 ## - PHYSICAL DESCRIPTION
Extent 179 pages :
Other physical details color illustrations ;
Dimensions 24 cm
336 ## - CONTENT TYPE
Source rdacontent
Content type term text
Content type code txt
337 ## - MEDIA TYPE
Source rdamedia
Media type term unmediated
Media type code n
338 ## - CARRIER TYPE
Source rdacarrier
Carrier type term volume
Carrier type code nc
500 ## - GENERAL NOTE
General note Includes appendix.<br/>
650 #7 - SUBJECT ADDED ENTRY--TOPICAL TERM
Topical term or geographic name as entry element Sustainable architecture.
9 (RLIN) 13299
Source of heading or term BUEsh
650 #7 - SUBJECT ADDED ENTRY--TOPICAL TERM
Topical term or geographic name as entry element Sustainable urban development.
9 (RLIN) 13300
Source of heading or term BUEsh
651 ## - SUBJECT ADDED ENTRY--GEOGRAPHIC NAME
Source of heading or term BUEsh
653 ## - INDEX TERM--UNCONTROLLED
Resource For college Engineering, Architecture
655 ## - INDEX TERM--GENRE/FORM
Form subdivision Reading book
9 (RLIN) 34232
700 1# - ADDED ENTRY--PERSONAL NAME
Personal name Revedin, Jana,
Relator term author.
9 (RLIN) 13301
700 1# - ADDED ENTRY--PERSONAL NAME
Personal name Herzog, Thomas,
Relator term author of introduction, etc.
9 (RLIN) 13302
942 ## - ADDED ENTRY ELEMENTS (KOHA)
Source of classification or shelving scheme Dewey Decimal Classification
Koha item type Book - Borrowing
Holdings
Withdrawn status Lost status Source of classification or shelving scheme Damaged status Not for loan Collection code Home library Current library Shelving location Date acquired Source of acquisition Cost, normal purchase price Serial Enumeration / chronology Total Checkouts Total Renewals Full call number Barcode Date last seen Date checked out Price effective from Koha item type
    Dewey Decimal Classification       Central Library Central Library Second Floor 30/03/2010   408.50 32 7 12 720.47 CON 000020274 15/07/2025 01/12/2014 30/03/2010 Book - Borrowing